LuckyCat... Gademotsili99... or KiloNova? - Statistics

General Stats
  • This quiz has been taken 30 times
  • The average score is 10 of 15
Answer Stats
Question Answer % Correct
Made up a country called "Catalandia" LuckyCat
88%
Doesn't have a featured quiz KiloNova
79%
Is Greek Gademotsili99
75%
Has less than 100K takes KiloNova
75%
Born in 2012 KiloNova
71%
Is sixteen years old LuckyCat
71%
Very passionate about soccer/football Gademotsili99
67%
Lives in South Carolina LuckyCat
67%
Doesn't take any credit for the "Flags with Gravity" series Gademotsili99
63%
Has written at least ten blogs All of the above
58%
Favorite color is purple KiloNova
58%
Most popular quiz is in French Gademotsili99
54%
Favorite music artist is Ed Sheeran LuckyCat
54%
Signed up for JetPunk Traitors All of the above
50%
Has an account on Huckleberry Sites All of the above
50%
No matching quizzes found
Score Distribution
Percent of People with Each Score
Percentile by Number Answered
Your Score History
You have not taken this quiz